[Event "Candidates (Women) final"]
[Site "Monte Carlo"]
[Date "1993.??.??"]
[Round "6"]
[White "Ioseliani, Nana"]
[Black "Polgar, Zsuzsa"]
[Result "1-0"]
[WhiteElo "2460"]
[BlackElo "2560"]
[Annotator "Ftacnik,L"]
[PlyCount "135"]
[EventDate "1993.02.??"]
[EventType "match"]
[EventRounds "8"]
[EventCountry "MNC"]
[SourceTitle "CBM 034"]
[Source "ChessBase"]
[SourceDate "1993.06.01"]
[SourceVersion "1"]
[SourceVersionDate "1993.06.01"]
[SourceQuality "1"]

1. d4 d5 2. Nf3 Nf6 3. c4 dxc4 4. Nc3 c6 5. a4 Bg4 6. Ne5 Bh5 7. g3 e6 8. Bg2
Bb4 9. Nxc4 Nd5 (9... a5 10. O-O Na6 11. Qb3 Qxd4 12. Be3 Qd8 13. Bb6 Qe7 $13)
10. Qb3 Na6 $5 $146 (10... O-O 11. Bd2 $1 $14 (11. O-O Bxc3 12. bxc3 Bxe2 13.
Re1 Bxc4 14. Qxc4 $44) (11. e4 $2 Nxc3 12. bxc3 Qxd4 $3 13. Bd2 Qd3)) (10... a5
11. Bd2 Nb6 12. e3) 11. O-O (11. Bd2 O-O 12. e4 Nb6 13. Be3 c5 $5 $132) 11...
O-O (11... Bxc3 12. bxc3 Bxe2 13. Ba3 $3 (13. Re1 Bxc4 14. Qxc4 O-O 15. Rb1 Rb8
16. Ba3 Re8 $13) (13. Qxb7 $5 O-O $1 (13... Bxc4 14. Qxc6+) 14. Qxa6 Nb6 15.
Re1 Bxc4 16. Qb7 Bd5 17. Ba3 Re8 18. Bc5 Qd7 $13) 13... Bxf1 14. Nd6+ Kd7 15.
Bxf1 $40) 12. e4 Ndc7 (12... Nb6 $6 13. Be3 Bxc3 14. bxc3 Be2 15. Nxb6 Qxb6 16.
Qxb6 axb6 17. Rfb1 $1 b5 18. Bf1 $1 $16) (12... Nf6 13. Na2 c5 14. Nxb4 cxb4 (
14... Nxb4 15. dxc5 a5 16. f3 Nd7 17. Be3 $16) 15. Be3 Ng4 16. f3 Nxe3 17. Qxe3
$16) 13. Bf4 $5 Rc8 (13... Qxd4 $2 14. Bxc7 Nxc7 15. Qxb4 $18) (13... Bxc3 14.
bxc3 Be2 15. Rfb1 Bxc4 16. Qxc4 Rb8 17. Rb2 Qd7 18. Rab1 b6 $16) 14. Na2 $1 Be7
(14... Qe7 15. Nxb4 Qxb4 16. Qxb4 Nxb4 17. Bd6 $18) (14... c5 15. Nd6 $1 Rb8
16. Nb5 Be2 17. Rfc1 $16) 15. Qxb7 Qxd4 16. Na5 (16. Rfc1 Nc5) 16... Rb8 17.
Qxc6 (17. Nxc6 Rxb7 18. Nxd4 Rxb2 $13) 17... Rxb2 (17... Rfc8 18. Qc3 $1 Qxc3 (
18... Qxa4 19. Nc6 Bf6 20. e5 Nd5 21. Bxd5 exd5 22. exf6 Rxc6 23. Qe5 Bg6 24.
Nc3 $18) 19. bxc3 Rb2 20. Rfb1 $5) 18. Qc1 $1 (18. Bxc7 $6 Be2 $1 (18... Rxa2
19. Rxa2 Nb4 20. Qb5 $18) 19. Nc3 (19. Rfb1 Bb5 20. Rxb2 Bxc6) (19. Qc3 Qxc3
20. Nxc3 Bxf1 21. Bxf1 Nxc7 $17) 19... Bxf1 20. Rxf1 Nxc7 21. Qxc7 Rxf2 $1 22.
Rxf2 Bc5 23. Qf4 Qxc3 $17) 18... Ba3 19. Qc4 (19. Be3 Qxa4 20. Nc4 Rc2 21. Qxa3
Qxc4) (19. Nc3 Ra2 20. Qb1 Rxa1 21. Qxa1 Bb4 22. Nb5 Qxa1 23. Rxa1 Bxa5 $19)
19... Qb6 $6 (19... Bc5 $1 20. Be3 Qxc4 21. Nxc4 Rc2 $13) 20. Qc3 $1 Rxa2 (
20... Bc5 $5 21. Nc4 Bxf2+ 22. Kh1 Bd4 23. Qd3 $5 Rb3 24. Qc2 Qb8 25. Rab1 Rxb1
26. Rxb1 Qd8 27. Na5 Bb6 28. Nc6 $44) 21. Nc4 $1 (21. Rxa2 Bb4) 21... Qb4 22.
Qxb4 Nxb4 23. Rxa2 Nxa2 24. Nxa3 Na6 25. Nb5 Rc8 (25... Nc5 26. Bd6 Rc8 27.
Nxa7 $18) 26. Nxa7 Rc4 27. a5 Rc5 28. Bd2 f6 $6 (28... Be2 $5 $16) 29. Rb1 $6 (
29. f3 {/\ Rb1, Bf1+/-}) 29... Rc2 $1 30. Be3 (30. Bf1 Rxd2 $1 31. Bxa6 Nc3 32.
Ra1 Nxe4 $132) 30... Nc3 31. Ra1 $6 (31. Rb6 $1 Nc5 32. g4 $1 (32. Bxc5 $4 Ne2+
33. Kh1 Rc1+ 34. Bf1 Bf3#) 32... Bxg4 33. f3 $18) 31... Be2 32. Rc1 Rxc1+ 33.
Bxc1 Bd3 34. Be3 Nxe4 35. Bf1 Bxf1 36. Kxf1 Kf7 37. Ke2 Ke8 38. Kd3 Nd6 39. Nc6
Kd7 40. Nd4 e5 41. Nc2 Kc6 42. f4 Kd5 (42... Kb5 43. Bb6 $1) 43. fxe5 fxe5 44.
Bb6 Kc6 45. Kc3 Nc8 $6 46. Bd8 Kc5 (46... Nc5 47. Nb4+ Kb5 48. Nd3) (46... Nd6
47. Nb4+ Nxb4 48. Kxb4 $16) 47. Ne1 Kd5 48. Nd3 Na7 $2 (48... e4 49. Nf4+ (49.
Nb4+ Nxb4 50. Kxb4 e3 51. Kc3 Ke4 $132) 49... Ke5 50. Bb6 Nxb6 51. axb6 Nc5 52.
Kc4 Nb7 $13) 49. Bb6 Nc6 $2 (49... Nb5+ 50. Kb3 e4 51. Nf4+ Ke5 52. Kc4 Na3+
53. Kc3 Nb5+ $13) 50. Kb3 g5 $5 (50... Ke4 51. Kc4 $1 Kf3 52. Kb5 e4 53. Ne1+
Ke2 54. Nc2 $16) 51. Kc3 h5 52. Ne1 h4 $2 (52... e4 $1 $13 53. Nc2 h4 54. Ne3+
Ke5 55. Ng2 hxg3 56. hxg3 Kf5 57. Ne3+ Ke5 58. Kc4) (52... Ke4 53. Kc4 h4 54.
Kb5 $16) 53. gxh4 gxh4 54. Nf3 h3 55. Ng5 Nd4 56. Kd3 Nb4+ 57. Ke3 Nbc2+ 58.
Kd2 Nb4 59. Bxd4 $1 exd4 (59... Kxd4 60. Nxh3 e4 61. Ng5 Na6 62. h4 Ke5 63. h5
Kf5 64. h6 Kg6 65. h7 Kg7 66. Ke3 Nc5 67. Kf4 $1 $18) 60. Nxh3 Ke4 61. Nf2+ Kf5
(61... Kf3 62. h4 Kxf2 (62... Kf4 63. Nd3+ Nxd3 64. Kxd3 $18) 63. h5 $18) 62.
Nd3 Na6 63. Kc2 Ke4 64. h4 Kf5 65. Kb3 Kg4 66. Kc4 Kxh4 67. Kb5 Nb8 68. Kb6 (
68. Kb6 Kg4 69. Kc7 Na6+ 70. Kb7 $18) 1-0

[Event "Grand Slam Final 3rd"]
[Site "Bilbao"]
[Date "2010.10.10"]
[Round "2"]
[White "Kramnik, Vladimir"]
[Black "Shirov, Alexei"]
[Result "1-0"]
[WhiteElo "2780"]
[BlackElo "2749"]
[Annotator "Ftacnik,L"]
[PlyCount "81"]
[EventDate "2010.10.09"]
[EventType "tourn"]
[EventRounds "6"]
[EventCountry "ESP"]
[EventCategory "22"]
[SourceTitle "CBM 139"]
[Source "ChessBase"]
[SourceDate "2010.11.18"]
[SourceVersion "1"]
[SourceVersionDate "2010.11.18"]
[SourceQuality "1"]

1. d4 d5 2. c4 c6 3. Nf3 Nf6 4. Nc3 dxc4 5. a4 e6 6. e3 c5 7. Bxc4 Nc6 8. O-O
Be7 9. Qe2 cxd4 10. Rd1 O-O 11. exd4 Nd5 {The defence with the knight move to
the blockading square is preventing the advance of the d4-pawn.} (11... Nb4 12.
Bg5 Bd7 13. Ne5 Bc6 14. Nxc6 bxc6 15. a5 Nfd5 16. Bxe7 Qxe7 17. Na4 Nf6 18. Nc5
Rab8 19. a6 Rb6 20. Na4 Rbb8 21. Nc5 Rb6 22. b3 {1/2-1/2 Zhou Jianchao (2650)
-Nguyen Huynh Minh,H (2469)/Olongapo City 2010 (28)}) 12. Bb3 (12. Qe4 Nf6 13.
Qh4 Nb4 14. Bg5 h6 15. Bd2 b6 (15... Bd7 16. Ne5 Bc6 17. Bxh6 gxh6 18. Qxh6 Nh7
19. Bd3 Nxd3 20. Rxd3 Bg5 21. Qh5 Qf6 22. Rg3 $18 {1/2-1/2 Kulaots,K (2592)
-Jakovenko,D (2726)/Khanty Mansiysk 2010 (60)}) 16. Ne5 Bb7 17. Bxh6 gxh6 18.
Qxh6 Nh7 19. Bd3 Nxd3 20. Rxd3 Bg5 21. Qh5 Qf6 22. Rh3 Qg7 23. Rg3 $11 {
1/2-1/2 Grischuk,A (2756)-Karjakin,S (2725)/Nice 2010 (30)}) 12... Na5 (12...
Ncb4 13. Ne5 Bd7 14. Qg4 (14. Qf3 Bc6 15. Nxc6 bxc6 16. a5 Rb8 17. Bd2 Qc8 18.
Ne4 Qa6 19. Bg5 Bxg5 20. Nxg5 Nf6 21. Rdc1 Rfd8 $11 {1/2-1/2 Krush,I (2475)
-Hera,I (2544)/Lubbock 2007 (61)}) 14... Nf6 15. Qg3 Bc6 16. Bh6 Ne8 17. Rac1
Kh8 18. Nxc6 bxc6 19. Bf4 Nd6 20. Be5 Nf5 21. Qh3 Qb6 22. Ne4 $16 {1-0
Kasimdzhanov,R (2702)-Perez Garcia,R (2426)/Lugo 2009 (54)}) 13. Ba2 (13. Bc2
Nb4 14. Bf4 Nxc2 15. Qxc2 Nc6 16. Rac1 $14) 13... Nb4 $2 {[%mdl 4] Both
knights have moved to the edge of the board in the interest of the fight
against the light-squared bishop. Shirov somehow managed to forget, that after
the last move White can open the centre.} (13... Nc6 14. h3 Ncb4 15. Bc4 b6 16.
Ne5 Bb7 $13) 14. d5 $1 Nxa2 (14... exd5 15. Nxd5 Nxd5 16. Bxd5 Qe8 17. Re1 Qd7
18. Qe4 Bf6 19. Ng5 Bxg5 20. Bxg5 $16) 15. Rxa2 Bf6 {The sharp struggle is
beginning at a moment when Black is ill prepared for the combat. The real
solution is a pipedream; the various defences are different only in the level
of damage.} (15... Bd6 16. b4 Bxb4 17. dxe6 Qe8 18. Nd5 Bxe6 19. Nxb4 Bxa2 20.
Qxa2 $16) (15... exd5 16. Rxd5 Qc7 17. Rxa5 Qxa5 18. Qxe7 $18) 16. dxe6 (16. d6
e5 17. Ne4 Nc6 18. b3 Bf5 19. Ba3 Re8 20. d7 Bxd7 21. Nxf6+ gxf6 22. Rad2 Nd4
23. Nxd4 exd4 24. Qf3 $16) 16... Qe7 $2 {Not quite sufficient, but still the
best continuation was hidden in the retreat of the queen to the e8-square.} (
16... Qe8 $1 17. exf7+ Qxf7 18. Nd5 Bg4 19. Ra3 Rad8 20. Rad3 $16) 17. Nd5 $1
Qxe6 18. b4 Nc6 (18... Nb3 $2 19. Be3 $1 Qe4 20. Nxf6+ gxf6 21. Bh6 $18) 19. b5
Ne5 {The problems of the defence have been magnified, since Kramnik created
the additional possibility of developing the bishop to the a3-square.} (19...
Ne7 20. Nxf6+ $1 (20. Nc7 Qxe2 21. Rxe2 Rb8 22. Ba3 Be6 23. Nxe6 fxe6 24. Rxe6
$16) 20... gxf6 21. Qd2 Re8 22. Ra3 $16) 20. Nc7 (20. Ra3 Nxf3+ 21. Qxf3 Bd8
22. Re3 Qg6 23. Qe2 Bg4 24. f3 Be6 25. Nf4 $16) 20... Nxf3+ 21. gxf3 Qxe2 22.
Rxe2 Be6 {Shirov will not be able even to pretend to have some compensation
for the missing exchange.} (22... Rb8 23. Ba3 Bf5 24. Bxf8 Kxf8 25. Rde1 $16) (
22... Bh3 23. Nxa8 Rxa8 24. Bb2 Bg5 25. Rc2 $16) 23. Nxa8 Rxa8 24. Bb2 Rc8 {
Black is desperatelly trying to complete his development in order to try
building some resistance.} (24... Bg5 25. Rxe6 $5 fxe6 26. Rd7 Bf6 27. Bxf6
gxf6 28. Rxb7 $18) 25. Rc1 (25. Bxf6 gxf6 26. Ree1 Rc4 27. Rd8+ Kg7 28. Re4 $16
) 25... Rd8 (25... Rxc1+ 26. Bxc1 h6 27. Bb2 Bg5 28. Bd4 $18) 26. Bxf6 gxf6 27.
Kg2 {The white king had no desire to become locked after the possible Bh3 move.
} a6 28. bxa6 (28. Rc7 axb5 29. axb5 Rd5 30. Rxb7 Rg5+ 31. Kh1 Bc4 32. Rb2 Bd5
33. Rb8+ Kg7 34. h4 Bxf3+ 35. Kh2 Rg2+ 36. Kh3 f5 37. b6 $18) 28... bxa6 29.
Rc6 Kg7 (29... Rd5 30. h4 Ra5 31. Re4 $18) 30. Re4 f5 31. Rh4 {The rook move
makes a strange impression, but the h4-square is a safe retreat for the rook
along the 4th rank. Improving the pieces will not be any problem for Kramnik.}
(31. Re5 Kf6 32. Ra5 $18) 31... Ra8 32. a5 Kg6 33. Kg3 Kg5 34. Rd4 h5 35. h4+
Kf6 36. Kf4 Rb8 (36... Ra7 37. Rdd6 $18) 37. Rxa6 Rb2 38. Ra4 Rxf2 39. Rxe6+ $1
{The shortening of the enemy's suffering can be seen as a humanitarian act of
mercy...} fxe6 40. a6 Re2 41. a7 (41. a7 e5+ 42. Kg3 f4+ 43. Kh3 $18) 1-0

[Event "Interpolis-03"]
[Site "Tilburg"]
[Date "1979.11.10"]
[Round "7"]
[White "Hort, Vlastimil"]
[Black "Smyslov, Vassily V"]
[Result "1-0"]
[WhiteElo "2600"]
[BlackElo "2560"]
[Annotator "Ftacnik,L"]
[PlyCount "81"]
[EventDate "1979.11.01"]
[EventType "tourn"]
[EventRounds "11"]
[EventCountry "NED"]
[EventCategory "15"]
[SourceTitle "MCL"]
[Source "ChessBase"]
[SourceDate "1999.07.01"]
[SourceVersion "1"]
[SourceVersionDate "1999.07.01"]
[SourceQuality "1"]

1. c4 c6 2. d4 d5 3. Nc3 Nf6 4. Nf3 dxc4 5. a4 Na6 6. e4 Bg4 7. Bxc4 e6 8. Be3
Bb4 9. Qd3 $5 Bxf3 10. gxf3 Qa5 (10... O-O 11. Bxa6 bxa6 12. Qxa6) 11. Rg1 O-O
12. e5 $1 $14 Ne8 (12... Nd7 $2 13. Bh6 $18) (12... Nh5 $2 13. Rg5 g6 14. Rxh5
{/\De4, Ke2}) 13. Ke2 {/\Se4} Bxc3 14. Qxc3 Qd8 $1 (14... Qxc3 15. bxc3 $16)
15. Qb3 $1 (15. Bxa6 bxa6 16. Qxc6 Rb8 $44) 15... Rb8 16. Rg4 Nac7 17. Rag1 b5
(17... Kh8 18. Qa3 $1 $16) 18. axb5 cxb5 19. Bd3 {/\20.Lh6} f5 (19... Kh8 20.
Bg5 {/\21.Th4}) 20. exf6 Qxf6 21. Be4 Nd5 (21... Kh8 $2 22. Bg5 Qf7 23. Rh4)
22. Bg5 Qf7 23. Bh6 Kh8 24. Rxg7 Nxg7 25. Rxg7 Qxg7 (25... Nf4+ $5 26. Bxf4 (
26. Ke3 $14) 26... Kxg7 27. Be5+ Kg8 28. f4 Rfd8 $13) 26. Bxg7+ Kxg7 27. Bxd5
exd5 28. Qxd5 $14 Rbe8+ $2 (28... a5 $142) (28... Rb6 $142) 29. Kf1 b4 30. Qd7+
Kh8 31. Qxa7 Rxf3 32. d5 $138 {+/-} Kg8 33. Qd4 Rf7 34. Qxb4 Rd8 35. Qg4+ Kf8
36. Qd4 Rd6 37. b4 h6 38. Qc5 Rfd7 39. b5 Kf7 $2 40. b6 $18 Rxd5 41. Qc8 1-0

[Event "Interzonal-16"]
[Site "Biel"]
[Date "1993.??.??"]
[Round "8"]
[White "Granda Zuniga, Julio E"]
[Black "Nikolic, Predrag"]
[Result "1-0"]
[WhiteElo "2605"]
[BlackElo "2625"]
[Annotator "Ftacnik,L"]
[PlyCount "61"]
[EventDate "1993.07.16"]
[EventType "swiss"]
[EventRounds "13"]
[EventCountry "SUI"]
[SourceTitle "CBM 037"]
[Source "ChessBase"]
[SourceDate "1993.12.01"]
[SourceVersion "1"]
[SourceVersionDate "1993.12.01"]
[SourceQuality "1"]

1. d4 {Hertneck} d5 2. c4 c6 3. Nc3 Nf6 4. Nf3 dxc4 5. a4 Bg4 6. Ne5 Bh5 7. f3
Nfd7 8. Nxc4 e5 9. Be3 Bb4 (9... exd4 10. Qxd4 Qf6 11. O-O-O Bg6 12. Qxf6 Nxf6
13. Bf4 Nbd7 14. e4 O-O-O 15. g3 Nc5 16. Bh3+ Ne6 17. Rxd8+ Kxd8 18. Rd1+ Kc8
19. Be3 Bb4 20. Bxa7 Bxc3 21. bxc3 Rd8 22. Rxd8+ Kxd8 23. Ne5 Ng5 24. Bb6+ {
1-0/Granda Zuniga,J-Gonzalez,L/Peru/1989/}) (9... Bg6 10. g3 Bb4 11. Bg2 exd4
12. Bxd4 O-O 13. O-O Qe7 14. e4 Rd8 15. Qe2 Nc5 16. Be3 Nba6 17. Qc2 f5 18.
exf5 Bf7 19. Ne4 Nxe4 20. fxe4 Bc5 21. Kh1 Nb4 22. Qe2 Rd3 23. f6 gxf6 24. Rf5
$13 {Grigorian,K-Vasyukov,E/Leningrad ch-SU (02)/1974/}) 10. g4 (10. Bf2 O-O
11. dxe5 Qe7 12. Bg3 Rd8 13. Qc2 Na6 14. f4 Nac5 15. Nd6 f6 16. e3 fxe5 17.
Bc4+ Kh8 18. Nf5 Bg6 19. O-O-O Qf8 20. e4 Nxe4 21. Nh4 Nxc3 22. Nxg6+ hxg6 23.
bxc3 Ba3+ 24. Kb1 $17 {Berciano,E-Gonzalez,L/Mesa op/1992/}) 10... Bg6 11. dxe5
Qe7 12. f4 (12. Bf4 O-O 13. e4 Rd8 14. Qc2 b5 15. axb5 cxb5 16. Nd6 Nxe5 $132)
(12. Nd6+ $1 {Hertneck} Bxd6 13. Qxd6 $14) 12... Qh4+ (12... Be4 13. Nd6+ Bxd6
14. exd6 Qe6 15. Rg1 $16) 13. Bf2 Qxg4 14. Qb3 Na6 (14... Bxc3+ 15. bxc3 Qxf4 (
15... b6 16. Nd6+ Kf8 17. f5 Bh5 18. e6 $16) 16. Bg3 Qg4 17. Nd6+ Kf8 18. Qxb7
$18) (14... a5 15. Nd6+ Kf8 16. f5 Nxe5 17. fxg6 Bxd6 18. Qxb7 Ra6 19. O-O-O
Qf4+ 20. e3 Qxf2 21. Rxd6 $18) 15. Nd6+ Bxd6 (15... Kf8 16. f5 Nac5 17. Qc2 Bh5
18. Bg3 $13) 16. Qxb7 Nb4 (16... Rb8 17. Qxa6 Be7 18. Qxc6 (18. Rd1 Qxf4 19. e6
fxe6 20. Qxc6 O-O 21. Bg3 Bh4 22. Rxd7 Bxg3+ 23. hxg3 Qxg3+ 24. Kd1 $16) 18...
Bh4 19. Nd5 Bxf2+ 20. Kxf2 O-O 21. Rd1 Rfe8 22. Bg2 $16) 17. Qxa8+ (17. exd6 $2
{Hertneck} Rb8 $19) 17... Bb8 18. Bc5 (18. Rc1 Qxf4 19. e3 Qxe5 $44) (18. Qb7
Nc2+ 19. Kd1 O-O $17) (18. O-O-O {Hertneck} Qxf4+ 19. Rd2 Na2+ $1 (19... Qxf2
20. Qb7 O-O $36) 20. Nxa2 Qe4 21. Nc3 Qxh1 $17) 18... Qxf4 $6 (18... Nc2+ 19.
Kd1 Nxa1 20. Qxc6 Kd8 $1 (20... Qh4 21. e4 Nb3 22. Bf2 Qe7 (22... Qxf2 $2 23.
Qc8+ Ke7 24. Nd5+ Ke6 25. Qc6+ Bd6 26. Qxd6#) 23. Bb5 $40) 21. Be3 (21. Rg1
Bc2+ 22. Ke1 Qh4+ 23. Rg3 Nb3 24. Be3 Qh6) 21... Nc2 (21... Qf5 22. Bg2 Qc2+
23. Ke1 Qxb2 24. Bh3 $40) 22. Bd2 $13) 19. Bh3 $1 (19. Qb7 Qh4+ (19... Nc2+ 20.
Kd1 Nxc5 21. Qxb8+ Ke7 22. Qd6+ Ke8 23. Qxc6+ $16) (19... Nxc5 20. Qxb8+ Ke7
21. Qd6+ Ke8 22. Qxc5 Nc2+ 23. Kd1 Ne3+ 24. Kd2 Nxf1+ 25. Ke1 Ne3 26. Qxc6+ $18
) 20. Kd2 Qd8 (20... Nxc5 {Hertneck} 21. Qxb8+ Qd8+ 22. Qxd8+ Kxd8 23. Rd1 $14)
21. Bd6 Nc2 $132) 19... f5 (19... Nc2+ 20. Kd1 Nxa1 21. Qxc6 Bc2+ 22. Ke1 Qh4+
23. Bf2 Qxh3 24. Qc8+ Ke7 25. Nd5+ $1 (25. Bc5+ $6 Ke6 26. Qc6+ Kxe5 27. Bd4+
$1 Kf4 (27... Kxd4 $2 28. Qd5+ Ke3 29. Qd2#) 28. Nd5+ (28. Rg1 Ne5 29. Nd5+ Ke4
30. Nf6+ Kf5 31. Bxe5 Qh4+ $19) 28... Kg5 (28... Ke4 29. Nf6+ Kf4 30. Nxd7 $18)
29. Rg1+ Kh4 (29... Kh5 $2 30. Bxg7 Bg6 31. Qb5 Nc2+ 32. Kd1 Bf5 33. Bxh8 $16)
30. Bxg7 Qe6 31. Qxe6 fxe6 32. Bxh8 exd5 33. Kd2 Nc5 $19) 25... Ke6 26. Qc6+
Kxe5 27. Bg3+ Kd4 (27... Ke4 28. Nf4+ $18) 28. e3+ Kd3 (28... Ke4 29. Nf4+ Kxe3
30. Nxh3 $18) 29. Qb5+ Ke4 30. Nc3+ Kxe3 31. Qe2+ Kd4 32. Bf2+ $18) (19... Qh4+
{Hertneck} 20. Kd2 Qh6+ $1 21. e3 Qxh3 22. Bxb4 Qg2+ 23. Ne2 Bh5 24. Rhe1 Bxe2
25. Rxe2 Qd5+ $10) 20. Rf1 (20. exf6 $4 {Hertneck} Nxc5 $19) (20. Qb7 $1 {
Hertneck} Qh4+ 21. Kd2 Nxc5 22. Qxb8+ Qd8+ 23. Qxd8+ Kxd8 24. Raf1 $16) 20...
Nc2+ (20... Qh4+ 21. Kd2 (21. Rf2 Nc2+ 22. Kd1 Nxa1 23. Qxc6 (23. e6 Nxc5 $17)
23... Kd8 $17) 21... Qh6+ 22. e3 (22. Be3 Qxh3 23. e6 (23. Qb7 $13 {Hertneck})
23... O-O 24. exd7 f4 25. Bg1 Qxd7+ 26. Kc1 f3 $19) 22... Qxh3 23. Bxb4 Qxh2+
24. Ne2 Qxe5 25. Ba3 $13) 21. Kd1 Ne3+ (21... Qxe5 22. Qxc6 Qxc5 23. Qxc5 Nxc5
24. Kxc2 f4+ 25. Kd1 $14) 22. Bxe3 Qxe3 23. Bxf5 Qb6 (23... O-O $5 24. Be6+ Kh8
25. Rxf8+ (25. Ke1 Rxf1+ 26. Kxf1 Qf4+ 27. Kg2 Qg5+ $10) 25... Nxf8 26. Qxb8 (
26. Bc4 Qd4+ (26... Qxe5 27. Rc1 Qxh2 $132) 27. Bd3 Bxd3 28. exd3 Qxd3+ 29. Ke1
Qe3+ 30. Ne2 Qxe5 31. Rc1 $16) 26... Qd4+ 27. Ke1 Qg1+ 28. Kd2 Qd4+ $10) (23...
Bxf5 {Hertneck} 24. Rxf5 Qg1+ 25. Kc2 Qxa1 26. e6 $18) 24. a5 Qb3+ (24... Qxb2
25. Rb1 (25. Qxc6 {Hertneck} Qxa1+ 26. Kd2 Qb2+ 27. Ke3 (27. Kd3 Bxf5+ 28. Rxf5
Qb7 $3 $17) 27... Bxf5 28. Rxf5 Qc1+ 29. Kd3 (29. Kf2 Qh6 $13) 29... Qa3 30. e6
Qd6+ 31. Qxd6 Bxd6 32. exd7+ $14) 25... Qxc3 26. Bxg6+ (26. Rxb8+ Ke7 27. Rxh8
Qa1+ 28. Kd2 (28. Kc2 Qa2+ 29. Kc3 Qxa5+ 30. Kc2 Qa2+ $10)) 26... hxg6 27.
Rxb8+ Nxb8 28. Qxb8+ Ke7 29. Qxa7+ Kd8 30. Qb8+ Kd7 31. Qxh8 $18) 25. Kc1 O-O
26. Ra3 Qf7 $2 (26... Qc4 27. Ra4 Qb3 28. Raf4 Nxe5 $5 (28... Bxe5 29. Be6+ $18
) (28... Bxf5 29. Rxf5 $16 (29. Rxf5 {Hertneck} Rxf5 30. Rxf5 $18)) 29. Bxg6 (
29. Be6+ Nf7 $1 $8 30. Bxb3 Bxf4+ 31. Rxf4 Rxa8 32. Ne4 $16) 29... Rxf4 (29...
Nd3+ 30. Bxd3 Bxf4+ 31. Rxf4 Rxa8 32. Bc4+ $18) 30. Rxf4 Nxg6 31. Rd4 $16) 27.
Bh3 (27. e6 {Hertneck} Qe7 28. exd7 $140 $2 Bf4+ $17) 27... Qxf1+ (27... Qe8
28. Qxc6 Rxf1+ 29. Bxf1 Bxe5 30. Bh3 $18 (30. Nd5 $18 {Hertneck})) 28. Bxf1
Rxf1+ 29. Nd1 Rf8 30. Rb3 Nc5 (30... Bxe5 31. Qxc6 $18) 31. Qxb8 $1 (31. Rxb8
$2 Nb3+ 32. Rxb3 Rxa8 $14) 1-0

[Event "Interzonal-15"]
[Site "Manila"]
[Date "1990.??.??"]
[Round "6"]
[White "Shirov, Alexei"]
[Black "Nikolic, Predrag"]
[Result "1/2-1/2"]
[WhiteElo "2580"]
[BlackElo "2600"]
[Annotator "Ftacnik,L"]
[PlyCount "130"]
[EventDate "1990.06.29"]
[EventType "swiss"]
[EventRounds "13"]
[EventCountry "PHI"]
[SourceTitle "CBM 019"]
[Source "ChessBase"]
[SourceDate "1990.12.01"]
[SourceVersion "1"]
[SourceVersionDate "1990.12.01"]
[SourceQuality "1"]

1. d4 d5 2. c4 c6 3. Nf3 Nf6 4. Nc3 dxc4 5. a4 Bg4 6. Ne5 Bh5 7. g3 e6 8. Bg2
Bb4 9. O-O Nd5 10. Qc2 O-O (10... Be7 11. Nxc4 Nb4 12. Qb3 O-O 13. a5 N8a6 14.
Rd1 Kh8 15. Bf4 f6 16. Rd2 g5 17. Be3 b5 18. axb6 axb6 $13 {Yusupov,A-Nikolic,
Pr/Hastings/1989/ ->TD89_14}) 11. Nxc4 $6 (11. Rd1 $5 {Shirov,A}) 11... Nb6 12.
Nxb6 axb6 13. Be3 Na6 14. f4 f6 15. Bf2 Kh8 16. e4 $6 (16. Rad1 $5) 16... e5 $1
17. dxe5 fxe5 18. fxe5 Rxf2 $1 19. Rxf2 (19. Kxf2 Bc5+ 20. Ke1 Nb4 $19) 19...
Bc5 20. Kh1 Nb4 21. Qb3 (21. Qd2 Bxf2 22. Qxf2 Nd3 23. Qf5 Bg6 $17) 21... Bxf2
22. Qxb4 Bc5 (22... Qg8 $5 {/\ Bc5}) 23. Qc4 Qg8 (23... Qd2 $22 24. b4 Bd4) 24.
Qxg8+ Kxg8 25. Rf1 Bg4 26. h3 Be6 27. Rd1 Kf8 28. Bf3 Ke7 29. Kg2 Rf8 30. h4 (
30. Bg4 Bxg4 31. hxg4 Ke6 $17) 30... Bb3 $6 (30... Bh3+ $5 31. Kxh3 Rxf3 32.
Rd2 Ke6 $17) 31. Rd2 Ke6 32. Ne2 Kxe5 33. Nf4 g6 34. Rd7 (34. Nd3+ Kf6 35. Nxc5
bxc5 36. a5 Ke7 $17) 34... Rf7 35. Nd3+ Kf6 36. e5+ Kg7 37. Nxc5 bxc5 38. Rxf7+
Kxf7 39. a5 Bd5 40. Kf2 Ke6 (40... Bxf3 41. Kxf3 Ke6 42. Ke4) 41. Bg4+ Kxe5 42.
Bc8 h6 43. Bxb7 Kd6 44. Ke3 g5 45. Ba6 Ke7 46. Be2 Kd6 47. Kd3 Bg2 48. Kc3 Bh3
49. a6 Kc7 50. a7 Kb7 51. Kc4 gxh4 52. gxh4 Kxa7 53. Kxc5 Bg2 54. h5 (54. Kd6
Kb6 55. Ke5 Kc5 56. Kf6 Kb4 57. Bd1 Kc4 58. Kg6 Kd3 $10) 54... Bd5 55. Bd1 Ka6
56. Bg4 Kb7 57. Kd6 Kb6 58. Be2 Bb3 59. Ke5 Kc5 60. Kf6 Kd4 61. Kg6 c5 62. Bg4
Bd5 63. Kxh6 Bf7 64. Bf5 Bxh5 65. Kxh5 c4 {Ftacnik,L} (65... c4 66. Kg4 Ke3 67.
Be6 Kd3 68. Bf5+ Kd2 $10) 1/2-1/2

[Event "Sao Paulo m"]
[Site "Sao Paulo"]
[Date "1991.??.??"]
[Round "3"]
[White "Mecking, Henrique"]
[Black "Nikolic, Predrag"]
[Result "0-1"]
[WhiteElo "2615"]
[BlackElo "2620"]
[Annotator "Ftacnik,L"]
[PlyCount "88"]
[EventDate "1991.02.??"]
[EventType "match"]
[EventRounds "6"]
[EventCountry "BRA"]
[SourceTitle "CBM 023"]
[Source "ChessBase"]
[SourceDate "1991.08.01"]
[SourceVersion "1"]
[SourceVersionDate "1991.08.01"]
[SourceQuality "1"]

1. d4 d5 2. c4 c6 3. Nc3 Nf6 4. Nf3 dxc4 5. a4 Bg4 6. Ne5 Bh5 7. g3 e6 8. Bg2
Bb4 9. O-O Nd5 10. Qc2 Be7 11. Nxc4 O-O (11... Nb4 12. Qb3 O-O 13. a5 N8a6 14.
Rd1 Kh8 15. Bf4 f6 16. Rd2 g5 17. Be3 b5 18. axb6 axb6 19. Qd1 Nd5 $10 {
Yusupov,A-Nikolic,Pr/Hastings/1989/ ->CBM 14}) 12. Rd1 Na6 13. h3 Nab4 14. Qb3
f6 15. a5 (15. g4 Bf7 16. e4 Nb6 $10) 15... b5 16. axb6 axb6 17. Rxa8 Qxa8 18.
g4 Bf7 19. e4 b5 $1 20. Na3 (20. Ne3 Nf4 21. Bf1 g6 $15) 20... Nb6 21. e5 fxe5
22. dxe5 N4d5 23. Nc2 Nc4 24. Nxd5 cxd5 $1 (24... exd5 25. f4 $13) 25. Qxb5 Qa7
$1 26. Be3 Nxe3 27. Nxe3 Bh4 $1 28. Rd2 Bxf2+ $1 29. Rxf2 (29. Kxf2 Be8+ $19)
29... Qxe3 30. Qe2 Qd4 31. Kh1 Re8 32. Bf3 Bg6 33. Kg2 h6 34. Qa6 (34. b3 Rc8)
34... Qxe5 35. Qa3 Kh7 36. Re2 Qf6 37. Kg3 d4 38. Qd6 Rf8 (38... e5 $19) 39.
Bg2 d3 $5 40. Rxe6 Qf2+ 41. Kh2 Rf4 42. Re7 $6 (42. Rxg6 Rd4 43. Rxh6+ gxh6 44.
Qe7+ Kg6 $19) 42... Re4 $1 43. Rd7 Re2 44. Qg3 Be4 {Ftacnik,L} 0-1